| 000 | 00720cam a2200253 4500 | ||
|---|---|---|---|
| 008 | 090401t1985 xxu||||| |||| 00| 0 eng d | ||
| 020 | _a0854062505 | ||
| 035 | _a(Sirsi) u39964 | ||
| 041 | _aeng | ||
| 050 | _a346.410435 | ||
| 090 | _aRICS 1985/63 ABCD | ||
| 110 |
_aRoyal Institution of Chartered Surveyors _94900 |
||
| 245 | _aGuidance notes on agricultural wayleaves and easements | ||
| 260 |
_aLondon _bSurveyors Publications _c1985 |
||
| 300 | _a7p. ; 21cm. | ||
| 350 | _a2.25 | ||
| 490 | _aLand Agency and Agriculture Guidance Notes | ||
| 650 | _aAGRICULTURAL WAYLEAVES AND EASEMENTS | ||
| 650 | _aGUIDANCE NOTES | ||
| 650 | _aLAND AGENCY | ||
| 650 | _aRICS | ||
| 942 | _n0 | ||
| 948 | _c04/03/1997 | ||
| 999 |
_c90842 _d90842 |
||